Matemáticas de Banderas - Estadísticas

Estadísticas generales
  • Esta prueba ha sido intentada 6.095 veces
  • La puntuación promedio es 12 de 14
Estadísticas de respuestas
Ecuación Bandera % Correcto
Canadá
100%
México
98%
Croacia
95%
Egipto
94%
Ecuador
93%
Andorra
92%
Eslovaquia
92%
Líbano
91%
Eslovenia
91%
Paraguay
90%
Moldavia
83%
Ghana
78%
Senegal
74%
Tayikistán
59%
No se encontraron pruebas coincidentes
Distribución de puntuación
Porcentaje de gente con cada puntuación
Porcentaje por número respondido
Historial de tus puntuaciones
No has intentado esta prueba.